[Event "Novosibirsk Sukharev Memorial Seniors"]
[Site "Novosibirsk"]
[Date "2012.07.26"]
[Round "9"]
[White "Dubrovin, Yury"]
[Black "Konjkov, Victor"]
[Result "1-0"]
[WhiteElo "2005"]
[BlackElo "1953"]
[PlyCount "57"]
[EventDate "2012.07.18"]
[EventType "swiss"]
[EventRounds "9"]
[EventCountry "RUS"]
[SourceTitle "EXT 2014"]
[Source "ChessBase"]
[SourceDate "2013.11.20"]
[SourceVersion "1"]
[SourceVersionDate "2013.11.20"]
[SourceQuality "1"]

1. d4 Nf6 2. Nf3 g6 3. Bg5 Bg7 4. Nbd2 c5 5. e3 0-0 6. c3 d6 7. Bc4 Nc6 8. 0-0 Qc7 9. Qe2 a6 10. a4 Na5 11. Bd3 Bd7 12. e4 Rfe8 13. Rfb1 cxd4 14. cxd4 Nc6 15. b4 a5 16. Rc1 Qd8 17. b5 Nb4 18. Bc4 Be6 19. Bxe6 fxe6 20. Ra3 Qd7 21. Nc4 Qd8 22. h3 Rc8 23. Raa1 d5 24. exd5 exd5 25. Qe6+ Kh8 26. Nce5 Rxc1+ 27. Rxc1 Rf8 28. Nf7+ Rxf7 29. Rc8 1-0

[Event "Novosibirsk AS-90 Seniors op"]
[Site "Novosibirsk"]
[Date "2010.11.30"]
[Round "8.5"]
[White "Konjkov, Victor"]
[Black "Babkova, Nina"]
[Result "1-0"]
[WhiteElo "2019"]
[BlackElo "1939"]
[PlyCount "115"]
[EventDate "2010.11.05"]
[EventType "swiss"]
[EventRounds "9"]
[EventCountry "RUS"]
[SourceTitle "EXT 2022"]
[Source "ChessBase"]
[SourceDate "2021.10.06"]
[SourceVersion "1"]
[SourceVersionDate "2021.10.06"]
[SourceQuality "1"]

1. e4 e5 2. Nc3 Nf6 3. Bc4 Bc5 4. d3 h6 5. f4 Nc6 6. Nf3 d6 7. h3 Be6 8. Qe2 Bxc4 9. dxc4 Nd4 10. Nxd4 Bxd4 11. Nb5 Bb6 12. f5 a6 13. Nc3 Qd7 14. Be3 Ba5 15. Bd2 Bxc3 16. Bxc3 Qc6 17. 0-0-0 Qxe4 18. Qd3 0-0-0 19. g4 Qc6 20. Qe2 Ne4 21. Be1 Rhe8 22. Bh4 f6 23. Rhe1 Nc5 24. Kb1 Na4 25. Bf2 d5 26. cxd5 Rxd5 27. Rxd5 Qxd5 28. Rd1 Qc6 29. Qd3 e4 30. Qd2 b6 31. Kc1 Kb7 32. Be3 b5 33. Qd7 Qxd7 34. Rxd7 Rg8 35. Re7 Kc6 36. Bf4 g5 37. fxg6 Rxg6 38. Rxc7+ Kd5 39. Rh7 Nc5 40. Rxh6 Rxh6 41. Bxh6 Ne6 42. Be3 Ng5 43. Bxg5 fxg5 44. Kd2 b4 45. c3 bxc3+ 46. Kxc3 Ke5 47. b4 Kf4 48. Kd2 Kf3 49. Ke1 Kg3 50. a4 Kxh3 51. b5 axb5 52. axb5 Kxg4 53. b6 Kf3 54. b7 g4 55. b8Q g3 56. Qf8+ Ke3 57. Qf5 Kd3 58. Qg4 1-0

[Event "Novosibirsk AS-90 Seniors op"]
[Site "Novosibirsk"]
[Date "2010.11.05"]
[Round "1.8"]
[White "Popova, Adelanda"]
[Black "Konjkov, Victor"]
[Result "1/2-1/2"]
[WhiteElo "1614"]
[BlackElo "2019"]
[PlyCount "65"]
[EventDate "2010.11.05"]
[EventType "swiss"]
[EventRounds "9"]
[EventCountry "RUS"]
[SourceTitle "EXT 2022"]
[Source "ChessBase"]
[SourceDate "2021.10.06"]
[SourceVersion "1"]
[SourceVersionDate "2021.10.06"]
[SourceQuality "1"]

1. d4 Nf6 2. c4 c5 3. d5 b5 4. e3 g6 5. Nd2 Bg7 6. Ngf3 bxc4 7. Bxc4 0-0 8. 0-0 Ba6 9. Qe2 Qb6 10. Rb1 d6 11. b3 Bb7 12. e4 Qa5 13. a3 Nfd7 14. b4 cxb4 15. axb4 Qb6 16. b5 Nc5 17. Nb3 Nbd7 18. Be3 Qc7 19. Nxc5 Nxc5 20. Bf4 Bc8 21. Nd2 Na4 22. Qe3 Bd7 23. Rfc1 Qb6 24. Nf3 Qxe3 25. Bxe3 Rfc8 26. Nd4 Rc7 27. Nc6 Bxc6 28. bxc6 Nc3 29. Rb7 Rac8 30. Rxa7 Rxa7 31. Bxa7 Na4 32. Be3 Nc5 33. f3 1/2-1/2

[Event "Novosibirsk November op"]
[Site "Novosibirsk"]
[Date "2009.11.30"]
[Round "9"]
[White "Konjkov, Victor"]
[Black "Maslov, Vladimir2"]
[Result "1-0"]
[WhiteElo "1952"]
[BlackElo "1878"]
[PlyCount "53"]
[EventDate "2009.11.16"]
[EventType "swiss"]
[EventRounds "9"]
[EventCountry "RUS"]
[SourceTitle "EXT 2011"]
[Source "ChessBase"]
[SourceDate "2010.11.26"]
[SourceVersion "1"]
[SourceVersionDate "2010.11.26"]
[SourceQuality "1"]

1. e4 c6 2. Nc3 d5 3. Nf3 Nf6 4. e5 Nfd7 5. d4 e6 6. Bd3 c5 7. dxc5 Nc6 8. Bf4 Nxc5 9. 0-0 Be7 10. Be2 0-0 11. Qd2 a6 12. Rad1 f6 13. Rfe1 fxe5 14. Nxe5 Bd6 15. Bg5 Be7 16. Nf3 Rf5 17. Be3 Qf8 18. a3 b5 19. b4 Nd7 20. Bd3 Rf7 21. Bg5 Nf6 22. Bh4 h6 23. Bg6 Bd6 24. Bxf7+ Qxf7 25. Bxf6 Qxf6 26. Nxd5 Qf7 27. Nb6 1-0

[Event "Novosibirsk November op"]
[Site "Novosibirsk"]
[Date "2009.11.26"]
[Round "7"]
[White "Moskalev, Alexander"]
[Black "Konjkov, Victor"]
[Result "0-1"]
[WhiteElo "1914"]
[BlackElo "1952"]
[PlyCount "63"]
[EventDate "2009.11.16"]
[EventType "swiss"]
[EventRounds "9"]
[EventCountry "RUS"]
[SourceTitle "EXT 2011"]
[Source "ChessBase"]
[SourceDate "2010.11.26"]
[SourceVersion "1"]
[SourceVersionDate "2010.11.26"]
[SourceQuality "1"]

1. e4 e5 2. Nf3 Nc6 3. Bb5 a6 4. Ba4 Nf6 5. 0-0 b5 6. Bb3 Bb7 7. Re1 Bc5 8. c3 d6 9. d4 Bb6 10. Bg5 h6 11. Bh4 Qd7 12. Bd5 0-0-0 13. Bxf6 gxf6 14. Bxc6 Bxc6 15. d5 Bb7 16. Nh4 Rdg8 17. Nf5 Kb8 18. a4 h5 19. Na3 Rg5 20. Qd3 Rhg8 21. g3 h4 22. Kg2 bxa4 23. Nc2 hxg3 24. fxg3 Rh8 25. Nb4 Qb5 26. Qxb5 axb5 27. Rf1 Ba8 28. Nc6+ Bxc6 29. dxc6 Rhg8 30. Kh3 Rh8+ 31. Kg2 Rgh5 32. Ne7 0-1

[Event "Novosibirsk November op"]
[Site "Novosibirsk"]
[Date "2009.11.24"]
[Round "6"]
[White "Konjkov, Victor"]
[Black "Volkov, Petr"]
[Result "0-1"]
[WhiteElo "1952"]
[BlackElo "2049"]
[PlyCount "160"]
[EventDate "2009.11.16"]
[EventType "swiss"]
[EventRounds "9"]
[EventCountry "RUS"]
[SourceTitle "EXT 2011"]
[Source "ChessBase"]
[SourceDate "2010.11.26"]
[SourceVersion "1"]
[SourceVersionDate "2010.11.26"]
[SourceQuality "1"]

1. e4 e5 2. Bc4 Nf6 3. Nc3 Nxe4 4. Qh5 Nd6 5. Bb3 Be7 6. Qxe5 0-0 7. Nf3 Bf6 8. Qf4 Ne8 9. 0-0 c6 10. Ne4 d5 11. Nxf6+ Qxf6 12. d4 Qxf4 13. Bxf4 Nf6 14. Rfe1 Be6 15. Ng5 Bf5 16. Re5 Bg6 17. Rae1 h6 18. Nf3 Nbd7 19. R5e3 Be4 20. Ne5 Nxe5 21. dxe5 Nh5 22. Bg3 Nxg3 23. hxg3 Bf5 24. c3 Rad8 25. Rd1 Rd7 26. Re2 Rfd8 27. Red2 Kf8 28. f3 Re8 29. Re1 h5 30. Kf2 Ke7 31. Rh1 g6 32. Rh4 Red8 33. Ke3 a6 34. Rh1 f6 35. exf6+ Kxf6 36. Rhd1 g5 37. Bc2 h4 38. gxh4 gxh4 39. Bxf5 Kxf5 40. Rh1 Kg5 41. Rd4 Re8+ 42. Kd2 Rde7 43. Rg4+ Kf6 44. Kc2 Re2+ 45. Kb3 Rf2 46. Rgxh4 Ree2 47. Rb1 Rxg2 48. Rh7 Re7 49. Rxe7 Kxe7 50. Rh1 Kd6 51. Rh7 b6 52. Rf7 a5 53. f4 b5 54. f5 c5 55. Rf8 c4+ 56. Ka3 b4+ 57. cxb4 axb4+ 58. Kxb4 Rxb2+ 59. Kc3 Rxa2 60. f6 Ra3+ 61. Kc2 Rd3 62. Ra8 Rf3 63. Rf8 Ke5 64. f7 Ke6 65. Re8+ Kxf7 66. Re5 Rd3 67. Re1 Kf6 68. Re8 Kf5 69. Re7 Kf4 70. Re8 Re3 71. Rh8 Ke5 72. Kd2 Rf3 73. Kc2 Ke4 74. Rg8 Kd4 75. Rg4+ Kc5 76. Rg8 Rf2+ 77. Kd1 d4 78. Rb8 c3 79. Rh8 Rg2 80. Rh4 d3 0-1

[Event "SFR-ch Seniors"]
[Site "Novosibirsk"]
[Date "2008.10.14"]
[Round "7"]
[White "Nikitin, Gennady Sergeevich"]
[Black "Konjkov, Victor"]
[Result "1/2-1/2"]
[WhiteElo "2140"]
[BlackElo "2005"]
[PlyCount "30"]
[EventDate "2008.10.08"]
[EventType "swiss"]
[EventRounds "9"]
[EventCountry "RUS"]
[SourceTitle "EXT 2022"]
[Source "ChessBase"]
[SourceDate "2021.10.06"]
[SourceVersion "1"]
[SourceVersionDate "2021.10.06"]
[SourceQuality "1"]

1. c4 Nf6 2. Nf3 g6 3. g3 Bg7 4. Bg2 0-0 5. 0-0 d6 6. Nc3 a6 7. d4 Nbd7 8. Re1 c5 9. d5 b5 10. cxb5 axb5 11. Nxb5 Ba6 12. Nc3 Nb6 13. e4 Nfd7 14. Qc2 Nc4 15. Rd1 Qa5 1/2-1/2

[Event "SFR-ch Seniors"]
[Site "Novosibirsk"]
[Date "2008.10.09"]
[Round "2"]
[White "Kuzin, Vladimir"]
[Black "Konjkov, Victor"]
[Result "1-0"]
[WhiteElo "2091"]
[BlackElo "2005"]
[PlyCount "115"]
[EventDate "2008.10.08"]
[EventType "swiss"]
[EventRounds "9"]
[EventCountry "RUS"]
[SourceTitle "EXT 2022"]
[Source "ChessBase"]
[SourceDate "2021.10.06"]
[SourceVersion "1"]
[SourceVersionDate "2021.10.06"]
[SourceQuality "1"]

1. d4 Nf6 2. Nf3 g6 3. g3 Bg7 4. Bg2 d6 5. h3 c5 6. d5 b5 7. 0-0 0-0 8. a4 bxa4 9. Rxa4 Nbd7 10. Nc3 Qb6 11. b3 Ba6 12. Rh4 Rac8 13. Be3 Ng4 14. Na4 Nxe3 15. Nxb6 Nxd1 16. Nxc8 Rxc8 17. Rxd1 Bxe2 18. Re1 Bxf3 19. Bxf3 Bf6 20. Ra4 Rc7 21. c4 Rb7 22. Bd1 Kf8 23. Re2 Bc3 24. Kg2 a5 25. h4 Nf6 26. Re3 Bd2 27. Rd3 Bb4 28. f3 Nd7 29. Ra2 h6 30. Re2 Nb6 31. Re4 Ra7 32. g4 a4 33. bxa4 Nxa4 34. Bxa4 Rxa4 35. Kg3 Ba3 36. Re2 Bb4 37. Rb3 Ra1 38. Kg2 Ra7 39. h5 g5 40. f4 gxf4 41. Kf3 f6 42. Kxf4 Kf7 43. Kg3 Ra1 44. Kg2 Kf8 45. Rbe3 Ra7 46. Kf3 Kf7 47. Kf4 Kf8 48. Kf5 Kf7 49. Rf3 Ra1 50. Rfe3 Ra7 51. g5 fxg5 52. Rf3 Ra3 53. Rxa3 Bxa3 54. Re6 Bb2 55. Rxh6 Bc3 56. Rh7+ Kf8 57. Kxg5 Bd4 58. Kg6 1-0

[Event "SFR-ch Seniors"]
[Site "Novosibirsk"]
[Date "2008.10.08"]
[Round "1"]
[White "Konjkov, Victor"]
[Black "Migunov, Vladislav"]
[Result "1-0"]
[WhiteElo "2005"]
[BlackElo "1957"]
[PlyCount "125"]
[EventDate "2008.10.08"]
[EventType "swiss"]
[EventRounds "9"]
[EventCountry "RUS"]
[SourceTitle "EXT 2022"]
[Source "ChessBase"]
[SourceDate "2021.10.06"]
[SourceVersion "1"]
[SourceVersionDate "2021.10.06"]
[SourceQuality "1"]

1. e4 d6 2. d4 Nf6 3. Nc3 Nbd7 4. Be3 e5 5. Bc4 Be7 6. Nge2 0-0 7. 0-0 c6 8. Bb3 Re8 9. Ng3 Qc7 10. f4 Bf8 11. Qf3 b5 12. a3 Nb6 13. fxe5 dxe5 14. Nf5 Nc4 15. Bxc4 bxc4 16. Bg5 exd4 17. Bxf6 Bxf5 18. Bxd4 Bg6 19. Rae1 Bd6 20. g3 Rab8 21. Nd1 Be5 22. Qc3 Bxd4+ 23. Qxd4 Qb6 24. Qxb6 axb6 25. Nc3 Rbd8 26. Re2 f6 27. h3 b5 28. Rfe1 Re5 29. Kf2 Rde8 30. Kf3 Rd8 31. g4 Be8 32. Rd1 Rxd1 33. Nxd1 Kf7 34. Rd2 Ke7 35. Ne3 g6 36. c3 Bd7 37. Nc2 h5 38. Ne3 hxg4+ 39. hxg4 f5 40. gxf5 gxf5 41. exf5 Bxf5 42. Rh2 Bg6 43. Rh8 Be8 44. Kf4 Rh5 45. Rxh5 Bxh5 46. Ke5 Kd7 47. Nf5 Kc7 48. Ng7 Bf3 49. Ne6+ Kb6 50. Kd6 Bg2 51. Nc5 Bf3 52. Nd7+ Kb7 53. Kc5 Bg2 54. Nb6 Bh3 55. a4 bxa4 56. Nxa4 Be6 57. Nb6 Bf7 58. Nxc4 Bxc4 59. Kxc4 Kb6 60. b4 Kb7 61. Kc5 Kc7 62. c4 Kb7 63. Kd6 1-0